Normal view MARC view

Entry Personal Name

Number of records used in: 1

001 - CONTROL NUMBER

  • control field: 261511

003 - CONTROL NUMBER IDENTIFIER

  • control field: OSt

005 - DATE AND TIME OF LATEST TRANSACTION

  • control field: 20260411121427.0

008 - FIXED-LENGTH DATA ELEMENTS

  • fixed length control field: 260411|| aca||aabn | a|a d

040 ## - CATALOGING SOURCE

  • Original cataloging agency: OSt
  • Transcribing agency: OSt

100 ## - HEADING--PERSONAL NAME

  • Personal name: Robert H Miller

670 ## - SOURCE DATA FOUND

  • Source citation: Work cat.: (OSt)241232: Robert H Miller, Power system operation Ed 3, 2017